| 000 | 00584nam a22001817a 4500 | ||
|---|---|---|---|
| 999 |
_c192087 _d192087 |
||
| 005 | 20220912111446.0 | ||
| 010 | _aENG-135005 | ||
| 020 |
_c995.00 _a978-93-86535-01-6 |
||
| 035 | _aEN-118537 | ||
| 037 | _bDBAD/PUB | ||
| 082 | _a327.54051 | ||
| 245 |
_aAksai-Chin and Sino-Indian conflict/ _cedited by Mohit Aggarwal |
||
| 260 |
_aNew Delhi _bJawahar Publishers & Distributors _c2017 |
||
| 270 |
_a46, Samachar Apartment, Mayur Vihar-I _bNew Delhi _e110091 |
||
| 300 |
_a284p. _c21cm(pbk) _bindex |
||
| 700 | _a Mohit Aggarwal | ||
| 942 |
_2ddc _cEN _h327.54051 _mAKS |
||